| 000 | 00833 a2200217 4500 | ||
|---|---|---|---|
| 001 | 41439 | ||
| 005 | 20260407155708.0 | ||
| 008 | 260407a1961 arg spa d | ||
| 003 | AR-UNSa-BCEJYS | ||
| 040 |
_aAR-UNSa-BCEJYS _bspa _cAR-UNSa-BCEJYS |
||
| 080 |
_a347.7(094.4) _xCódigo de Comercio |
||
| 245 | 1 | 0 |
_aCódigo de comercio y leyes complementarias _pcomentados y concordados |
| 264 | 1 |
_aBuenos Aires : _bEdiciones Depalma _c1961 |
|
| 300 |
_a7 v. _c24 cm. |
||
| 505 | _aVol. I: Artículos 1 a 449 Vol. II: Artículos 450 a 557 Vol. III: Artículos 558 a 588 Vol. IV: Artículos 559 a 770 Vol. V: Artículos 771 a 843 Vol. VI: Artículos 844 a 855 | ||
| 041 | _aspa | ||
| 942 | _cBK | ||
| 590 | _aniveau_biblio:m niveau_hierar:0 | ||
| 100 | 1 | _aArgentina [Código de Comercio] | |
| 700 | 1 | _aZavala Rodríguez, Carlos Juan | |
| 999 |
_c3509 _d3509 |
||